000 00427nam a2200181Ia 4500
005 20250423100056.0
008 250422s9999 xx 000 0 und d
020 _a9780137131846
050 _aHF 5415.13 .K64/
100 _aKotler, Philip
245 0 _aManagement organization
250 _a7th ed.
260 _bPrentice- Hall
260 _c1991
300 _a756 p
650 _aMarketing- management
942 _cBK
999 _c32212
_d32212